000 00489nam a2200157Ia 4500
008 230917s9999||||xx |||||||||||||| ||und||
020 _cRS16
040 _e167282
_aMAIN
041 _aEnglish
082 _a891.433711 VS823S
100 _aविश्वनाथ सत्यानारायण
245 0 _aसहस्रफण
260 _aदिल्ली
_bभारतीय ज्ञानपीठ प्रकाशन
_c1972
300 _a456 पृ. p.
942 _cHN
999 _c176576
_d176576